Guess the Lyrics #23 - Statistics

General Stats
  • This quiz has been taken 847 times
  • The average score is 130 of 328
Answer Stats
Lyrics % Correct
I
98%
a
94%
you
93%
You
93%
the
86%
The
86%
love
78%
me
76%
to
69%
be
68%
and
66%
And
66%
In
64%
in
64%
On
64%
on
64%
your
63%
is
61%
It
61%
it
61%
My
60%
no
60%
can
54%
of
54%
for
50%
that
46%
There
43%
there
43%
was
41%
one
40%
were
39%
will
39%
with
38%
see,
35%
all
34%
its
34%
at
33%
But
30%
La,
29%
la,
29%
la
29%
la-la-la,
29%
la-la-la-la,
29%
life
29%
had
28%
been
27%
out
27%
heart
26%
give
25%
first
24%
I've
23%
sun
23%
good
22%
thing
21%
think
20%
Because
19%
two
19%
sky
18%
rain
17%
'Cause
16%
ain't
15%
days
15%
days,
15%
felt
15%
Made
15%
made
15%
name
15%
hot
14%
let
14%
sea
14%
three
14%
through
14%
Under
14%
free
13%
horse
13%
After
12%
desert
12%
desert,
12%
part
12%
remember
12%
lookin'
11%
run
11%
sad
11%
things
11%
pain
10%
red
10%
birds
9%
clouds
9%
turn
9%
air
8%
bed
8%
rocks
8%
skin
8%
sound
8%
told
8%
dead
7%
full
7%
heat
7%
journey
7%
ocean
7%
river
7%
sand
7%
story
7%
A Horse with No Name - America
6%
began
6%
dry
6%
ground
6%
plants
6%
fly
5%
met
5%
nine
5%
above
4%
fun
4%
hills
4%
lies
4%
turned
4%
buzz
3%
perfect
3%
cities
2%
flowed
2%
humans
2%
rings
2%
underground
2%
disguise
1%
No matching quizzes found
Score Distribution
Percent of People with Each Score
Percentile by Number Answered
Your Score History
You have not taken this quiz